Loading...
| History - American History | 0 | 5 | 0 | 1 | 50 | 39 | 59.00 | 0 | 3 |
| History - Other History | 0 | 3 | 0 | 0 | 30 | 72 | 73.67 | 0 | 0 |
| Social Science | 0 | 3 | 0 | 3 | 30 | 96 | 99.67 | 0 | 0 |
| Literature - European Literature | 0 | 3 | 0 | 0 | 30 | 64 | 82.33 | 0 | 1 |
| History - World History | 0 | 4 | 2 | 0 | 30 | 42 | 65.75 | 0 | 2 |
| Literature - World Literature | 0 | 3 | 1 | 0 | 25 | 44 | 63.00 | 1 | 2 |
| Painting/Sculpture | 0 | 2 | 0 | 0 | 20 | 65 | 65.50 | 0 | 1 |
| Science - Biology | 0 | 3 | 2 | 0 | 20 | 32 | 55.33 | 2 | 3 |
| Literature - British Literature | 0 | 2 | 0 | 1 | 20 | 70 | 92.50 | 0 | 1 |
| Geography | 0 | 2 | 0 | 0 | 20 | 69 | 86.00 | 0 | 2 |
| Fine Arts - Other Fine Arts | 0 | 2 | 0 | 1 | 20 | 97 | 101.50 | 0 | 1 |
| Mythology | 0 | 2 | 1 | 0 | 15 | 40 | 47.50 | 2 | 2 |
| History - European History | 0 | 1 | 0 | 0 | 10 | 62 | 62.00 | 0 | 1 |
| Fine Arts - Classical Music | 0 | 1 | 0 | 0 | 10 | 67 | 67.00 | 1 | 1 |
| Pop Culture | 0 | 1 | 0 | 0 | 10 | 34 | 34.00 | 0 | 1 |
| Science - Other Science | 0 | 2 | 2 | 0 | 10 | 45 | 48.00 | 0 | 2 |
| Science - Chemistry | 0 | 1 | 1 | 0 | 5 | 56 | 56.00 | 0 | 1 |
| Literature - American Literature | 0 | 1 | 1 | 0 | 5 | 63 | 63.00 | 0 | 0 |
| Philosophy | 0 | 0 | 1 | 0 | -5 | 0.00 | 0 | 0 | |
| Religion | 0 | 0 | 1 | 0 | -5 | 0.00 | 0 | 0 | |
| Science - Physics | 0 | 0 | 2 | 0 | -10 | 0.00 | 0 | 0 |